Haikyū!!: Karasuno - Statistiques

Statistiques générales
  • Ce quiz a été pris 385 fois
  • Le résultat moyen est 10 sur 16
Statistiques - réponses
Poste Joueur % Correct
Central 10 Shōyō Hinata
97%
Passeur 9 Tobio Kageyama
94%
Libéro 4 Yū Nishinoya
89%
Central 11 Kei Tsukishima
84%
Ailier 5 Ryūnosuke Tanaka
78%
Passeur/Vice-capitaine 2 Kōshi Sugawara
74%
Coach Keishin Ukai
63%
Central 12 Tadashi Yamaguchi
63%
Ailier 3 Asahi Azumane
61%
Ailier/Capitaine 1 Daichi Sawamura
59%
Ailier 6 Chikara Ennoshita
49%
Superviseur Ittetsu Takeda
47%
Manager Kiyoko Shimizu
45%
Manager Hitoka Yachi
42%
Ailier 7 Hisashi Kinoshita
32%
Central 8 Kazuhito Narita
31%
Aucun quiz correspondant
Distribution des résultats
% des personnes avec chaque résultat
Percentile par nombre de réponses
Votre historique - résultats
Vous n’avez pas pris ce quiz